000 00557nam a22002177a 4500
005 20251108172100.0
008 250721s1953 xx 000 0 ara d
082 1 4 _a928.4/مور
100 1 _aسيمون، بيار هنري
245 1 0 _aمورياك /
264 _c1953.
300 _a200ص
650 1 7 _aالتراجم
650 1 7 _aالأدب
650 1 7 _aفرنسا
650 1 7 _aالتاريخ الأدبي
650 1 7 _aالنقد الأدبي
700 1 _aدمشقية، عفيف
_eترجمة
942 _2ddc
_cBK
999 _c70027
_d70027